000
00245 a2200109 4500
001
12774
082
_a
303.34COV
090
_c
9754
_d
9754
100
_a
Covey R, Stephen
245
_a
Principle Centered Leadership
260
_b
Simon & Schuster
942
_a
NUST-CAE
_k
303.34COV
999
_c
247847
_d
247847